Heroes of the Storm - All Heroes - Statistics

General Stats
  • This quiz has been taken 244 times
    169 since last reset
  • The average score is 38 of 65
Answer Stats
Answers % Correct
Diablo
91%
Raynor
83%
The Lost Vikings
80%
Jaina
79%
Thrall
75%
Abathur
73%
Arthas
73%
Tracer
72%
Tychus
72%
Kerrigan
71%
Li-Ming
71%
Tyrael
69%
Zagara
68%
Zeratul
68%
Sgt. Hammer
67%
Nova
66%
Valla
66%
Kael'thas
65%
Xul
65%
Artanis
64%
Malfurion
64%
Li Li
63%
Varian
62%
Illidan
61%
Lt. Morales
61%
Muradin
61%
Azmodan
60%
Brightwing
60%
Chen
60%
Murky
60%
Sylvanas
60%
Genji
59%
Sonya
59%
Uther
59%
Anub'arak
58%
The Butcher
58%
Tyrande
57%
Johanna
56%
Lucio
56%
Zarya
56%
Rexxar
53%
Auriel
52%
Nazeebo
52%
Ragnaros
52%
Tassadar
52%
Gul'dan
51%
Rehgar
51%
Alarak
50%
Cho'gall
50%
Chromie
50%
E.T.C.
50%
Zul'jin
50%
Valeera
49%
Dehaka
47%
Kharazim
47%
Stitches
47%
Gazlowe
46%
Falstad
44%
Cassia
43%
Leoric
43%
Medivh
43%
Probius
43%
Samuro
39%
Greymane
37%
Lunara
34%
No matching quizzes found
Score Distribution
Percent of People with Each Score
Percentile by Number Answered
Your Score History
You have not taken this quiz since the last reset